Giáo trình trang trí Tập 3 Giáo trình trang trí

Trình bày những vấn đề chung về trang trí ứng dụng và nâng cao những vấn đề cụ thể trong tranh dán giấy, trang trí hội trường, phóng ảnh lãnh tụ, bìa sách và minh hoạ, tranh tĩnh vật trang trí, tranh phong cảnh trang trí và tranh sinh hoạt trang trí...

Полное описание

Сохранить в:
Библиографические подробности
Главный автор: Nguyễn Thế Hùng
Другие авторы: Nguyễn Thị Nhung
Формат:
Язык:Vietnamese
Опубликовано: H. Đại học Sư phạm 2008
Редактирование:In lần thứ hai
Предметы:
Метки: Добавить метку
Нет меток, Требуется 1-ая метка записи!
Thư viện lưu trữ: Mạng thư viện Đại học Đà Nẵng
LEADER 01696nam a2200397 4500
001 000024242
003 20728
005 20161109101148.0
008 161101s2008 viesd
020 |c 41000đ 
041 0 |a vie 
082 1 4 |a 745.071  |b NG-H 
100 1 |a Nguyễn Thế Hùng 
245 1 0 |a Giáo trình trang trí  |c Nguyễn Thế Hùng, Nguyễn Thị Nhung  |n Tập 3  |p Giáo trình trang trí 
250 |a In lần thứ hai 
260 |a H.  |b Đại học Sư phạm  |c 2008 
300 |a 194 tr.  |b hình vẽ  |c 24 cm. 
500 |a ĐTTS ghi: Bộ Giáo dục và Đào tạo. Dự án Đào tạo Giáo viên THCS 
504 |a Thư mục: tr. 194 
520 3 |a Trình bày những vấn đề chung về trang trí ứng dụng và nâng cao những vấn đề cụ thể trong tranh dán giấy, trang trí hội trường, phóng ảnh lãnh tụ, bìa sách và minh hoạ, tranh tĩnh vật trang trí, tranh phong cảnh trang trí và tranh sinh hoạt trang trí 
650 0 4 |a Trang trí  |v Giáo trình  |x Giáo dục mầm non 
653 |a Tranh vẽ 
653 |a Trang trí ứng dụng 
653 |a Phong cảnh 
700 1 |a Nguyễn Thị Nhung 
773 |t Giáo trình Trang trí  |w 20726 
OWN |a LSP 
AVA |a UDN50  |b LSP  |d 745.071 NG-H  |e check_holdings  |t Error 5003 Not defined in file expand_doc_bib_avail.  |h N  |k 1 
999 |a From the UDN01 
AVA |a UDN50  |b LSP  |d 745.071 NG-H  |e available  |t Error 5001 Not defined in file expand_doc_bib_avail.  |f 20  |g 0  |h N  |i 1  |k 1 
TYP |a Monograph 
TYP |a Printed language 
980 |a Mạng thư viện Đại học Đà Nẵng